000 00585nam a2200241 a 4500
001 nice12345678
003 IN_TiNIC
005 20260116011547.0
008 050524s0000 lona grp 000 0 eng
020 _a
_c100
082 0 0 _a291
_bMUL
100 _aMuller, M
245 _aComparative Mythology.
260 _aLondon-New York
_bGeorge Routledge and Sons
_c0000
300 _a184p
500 _aincludes index and biblioraphy
505 2 _aIndex
650 _aComparative Religion-Mythology
700 1 _aMuller, M
902 _bSRS
942 _cBK
999 _c2616
_d2616